000
00221 a2200097 4500
001
47395
100
_a
Busn V
245
_a
Modern arms and free mess
260
_a
New York
_b
Simon and Schuster
_c
090
_c
30426
_d
30426
942
_a
NUST-CAE
_c
M
_c
22699
999
_c
282468
_d
282468